MEDICINAL CHEMISTRY - III [B.PHARMA, 6TH SEMESTER] (Record no. 8664)

MARC details
000 -LEADER
fixed length control field 00520nam a22001817a 4500
005 - DATE AND TIME OF LATEST TRANSACTION
control field 20240920140749.0
008 - FIXED-LENGTH DATA ELEMENTS--GENERAL INFORMATION
fixed length control field 240918b |||||||| |||| 00| 0 eng d
020 ## - INTERNATIONAL STANDARD BOOK NUMBER
ISBN 978-93-89627-60-2
041 ## - LANGUAGE CODE
Language code of text/sound track or separate title eng
082 ## - DEWEY DECIMAL CLASSIFICATION NUMBER
Classification number 615.7
100 ## - MAIN ENTRY--AUTHOR NAME
Personal name INDULATHA , DR. V.N. & KUMAR,DR. RAKESH AND TIWARI, DR.NEHA
245 ## - TITLE STATEMENT
Title MEDICINAL CHEMISTRY - III [B.PHARMA, 6TH SEMESTER]
250 ## - EDITION STATEMENT
Edition statement 1ST RE-PRINT ED. 2023
260 ## - PUBLICATION, DISTRIBUTION, ETC. (IMPRINT)
Place of publication LUCKNOW
Name of publisher THAKUR PUBLICATION
300 ## - PHYSICAL DESCRIPTION
Number of Pages 256; P
650 ## - SUBJECT ADDED ENTRY--TOPICAL TERM
Topical Term PHARMACY
General subdivision B.PHARMA
942 ## - ADDED ENTRY ELEMENTS (KOHA)
Koha item type Books
Holdings
Lost status Damaged status Collection code Home library Current library Shelving location Date acquired Source of acquisition Cost, normal purchase price Serial Enumeration / chronology Full call number Accession Number Koha item type
    PHARMACY JRU Library JRU Library SHELF-3-C 13/09/2024 PURCHASE 230.00 NEW ARRIVALS SHELF 615.7 28477 Books
    PHARMACY JRU Library JRU Library SHELF-20-C 13/09/2024 PURCHASE 230.00   615.7 28478 Books
    PHARMACY JRU Library JRU Library SHELF-18-D 13/09/2024 PURCHASE 230.00   615.7 28479 Books